000 00376nam a22000977a 4500
999 _c533344
_d533344
082 _aN1x54 C683
245 _aMitra: Annual Seminar 2026: multi-domain, integrated, technologically empowered, resilient armed forces
_cby College of Defence Management
260 _aSecunderabad
_bCollege of Defence Management
_c2026
300 _a159p.
650 _aDefence, National - India
_960587